[Event "Ì19 "]
[Site "Loo"]
[Date "2017.04.20"]
[Round "1.5"]
[White "Êðèâöîâ, Àëåêñàíäð."]
[Black "Àáåëãóçèí, Äèíàð."]
[Result "1/2-1/2"]
[WhiteElo "2206"]
[BlackElo "2406"]
[PlyCount "79"]
[EventDate "2017.04.20"]

1. e4 e5 2. Nf3 Nc6 3. Bc4 Bc5 4. d4 Bxd4 5. Nxd4 Nxd4 6. Be3 Ne6 7. Bxe6 dxe6
8. Qh5 Qf6 9. Nc3 a6 10. O-O-O Ne7 11. f4 O-O 12. Bc5 b6 13. Bxe7 Qxe7 14. Qxe5
f6 15. Qd4 Bb7 16. Qd7 Rf7 17. Qxe7 Rxe7 18. Kd2 Rd8+ 19. Ke3 Red7 20. Rxd7
Rxd7 21. Rd1 Rxd1 22. Nxd1 Kf7 23. Nf2 h5 24. g3 Ke7 25. Nd3 Kd6 26. h3 a5 27.
b3 e5 28. fxe5+ fxe5 29. h4 b5 30. c3 c5 31. a3 c4 32. bxc4 bxc4 33. Nb2 Kc5
34. Kf3 Bc8 35. Ke3 Kb5 36. Ke2 Bh3 37. Kf2 Kc5 38. Nd1 Kc6 39. Ke3 Kb5 40. Nb2
1/2-1/2

[Event "Ì19 "]
[Site "Loo"]
[Date "2017.04.20"]
[Round "1.6"]
[White "Äðûãàëîâ, Àíäðåé."]
[Black "Áû÷êîâ, Âëàäèìèð."]
[Result "0-1"]
[WhiteElo "2389"]
[BlackElo "2202"]
[PlyCount "44"]
[EventDate "2017.04.20"]

1. e4 d6 2. d4 Nf6 3. Nc3 e5 4. Nf3 Nbd7 5. Bc4 Be7 6. O-O O-O 7. a4 c6 8. Re1
exd4 9. Nxd4 Ne5 10. Bf1 Re8 11. b3 d5 12. exd5 Bb4 13. Bd2 Bg4 14. Qc1 Qb6 15.
Nde2 Bxe2 16. Rxe2 Neg4 17. Nd1 Rxe2 18. Bxe2 Re8 19. Bxg4 Bxd2 20. Qxd2 Qd4
21. Qc3 Nxd5 22. Qa5 b6 0-1

[Event "Ì19 "]
[Site "Loo"]
[Date "2017.04.20"]
[Round "1.7"]
[White "Ïîñòíèêîâ, Àðòåì."]
[Black "Ëèòâèíîâ, Ìàêñèì."]
[Result "1/2-1/2"]
[WhiteElo "2197"]
[BlackElo "2384"]
[PlyCount "113"]
[EventDate "2017.04.20"]

1. e4 e5 2. Nf3 Nc6 3. Bb5 a6 4. Ba4 Nf6 5. O-O b5 6. Bb3 Be7 7. Re1 O-O 8. h3
d6 9. c3 Nb8 10. d4 Nbd7 11. Nbd2 Bb7 12. Bc2 Re8 13. a4 Bf8 14. Bd3 c6 15. b3
Qc7 16. Qc2 g6 17. Bb2 Bg7 18. Rec1 d5 19. dxe5 Nxe4 20. Nxe4 dxe4 21. Bxe4
Nxe5 22. c4 bxc4 23. bxc4 c5 24. Bxb7 Qxb7 25. Bxe5 Bxe5 26. Rab1 Qc7 27. Re1
Bf6 28. Rxe8+ Rxe8 29. Qb3 Rd8 30. g3 Qd7 31. Kg2 Kg7 32. Re1 Qc6 33. Rd1 Rd4
34. Kg1 Re4 35. Rd5 Re2 36. Qd3 Ra2 37. Rd6 Qb7 38. Rd7 Qb2 39. Nd2 Ra1+ 40.
Kg2 Qc1 41. Nf1 Qe1 42. g4 Bd4 43. Rxd4 cxd4 44. Qxd4+ Kf8 45. Ne3 Qh1+ 46. Kg3
Rg1+ 47. Kh4 Qc6 48. Nd5 f6 49. Nxf6 h6 50. Nd5 Qe8 51. Qh8+ Kf7 52. Qh7+ Kf8
53. Qh8+ Kf7 54. Qh7+ Kf8 55. Qxh6+ Kf7 56. Qf4+ Kg8 57. Qc7 1/2-1/2

[Event "Ì19 "]
[Site "Loo"]
[Date "2017.04.20"]
[Round "1.8"]
[White "Îôèöåðüÿí, Áîðèñ."]
[Black "Ãîðîæàíêèí, Âàäèì."]
[Result "1/2-1/2"]
[WhiteElo "2371"]
[BlackElo "2190"]
[PlyCount "101"]
[EventDate "2017.04.20"]

1. Nf3 Nf6 2. d4 d5 3. c4 e6 4. g3 Be7 5. Bg2 O-O 6. O-O dxc4 7. Qc2 a6 8. a4
Bd7 9. Rd1 Bc6 10. Nc3 Bxf3 11. Bxf3 Nc6 12. Bxc6 bxc6 13. a5 Rb8 14. Qa4 Bb4
15. Na2 Be7 16. Nc3 Bb4 17. Na2 Be7 18. Bg5 Rxb2 19. Bxf6 gxf6 20. e4 Qb8 21.
Qxc4 Qb5 22. Rdc1 Qxa5 23. Nc3 Qb4 24. Qd3 Rb3 25. Rxa6 Rd8 26. Rxc6 Rxd4 27.
Qa6 Qb7 28. Qxb7 Rxb7 29. Ne2 Rxe4 30. Rxc7 Rxc7 31. Rxc7 Rxe2 32. Rxe7 f5 33.
Kg2 Kg7 34. Ra7 Rb2 35. Ra5 Rb4 36. Kf3 f6 37. Ra1 Kg6 38. Ra8 e5 39. Rg8+ Kf7
40. Rh8 Kg7 41. Rd8 Ra4 42. Rd7+ Kg6 43. Rd8 h5 44. Rg8+ Kh7 45. Rc8 h4 46. Kg2
hxg3 47. hxg3 Ra2 48. Rc1 Kg6 49. Rc7 Rb2 50. Kf3 Rb3+ 51. Kg2 1/2-1/2

[Event "Ì19 "]
[Site "Loo"]
[Date "2017.04.20"]
[Round "1.9"]
[White "Ëàïèí, Ïåòð."]
[Black "Åëåöêèé, Èâàí."]
[Result "0-1"]
[WhiteElo "2188"]
[BlackElo "2367"]
[PlyCount "46"]
[EventDate "2017.04.20"]

1. d4 Nf6 2. c4 g6 3. Nc3 d5 4. Bf4 Bg7 5. e3 O-O 6. Nf3 c5 7. dxc5 Qa5 8. Qa4
Qxc5 9. Be2 Ne4 10. Nxd5 Bxb2 11. O-O e6 12. Rab1 Bg7 13. Rb5 Bd7 14. Nc7 Nc3
15. Rxc5 Nxe2+ 16. Kh1 Bxa4 17. Ra5 Bc2 18. Rb5 Nc6 19. Nxa8 Rxa8 20. Rxb7 e5
21. Rb2 Bd3 22. Rd1 exf4 23. Rbd2 Nc3 0-1

[Event "Ì19 "]
[Site "Loo"]
[Date "2017.04.20"]
[Round "1.10"]
[White "Àôàíàñüåâ, Íèêèòà."]
[Black "Òðóá÷àíèíîâ, Òèìóð."]
[Result "1/2-1/2"]
[WhiteElo "2349"]
[BlackElo "2185"]
[PlyCount "144"]
[EventDate "2017.04.20"]

1. e4 e5 2. Nf3 Nc6 3. Bc4 Bc5 4. c3 Nf6 5. d3 d6 6. O-O O-O 7. a4 a6 8. Nbd2
Ba7 9. a5 Ne7 10. Bb3 Ng6 11. Nc4 Be6 12. Ne3 h6 13. d4 Nxe4 14. Bxe6 fxe6 15.
dxe5 d5 16. Ra4 c6 17. Qc2 Qe8 18. Kh1 Nf4 19. Ne1 Qh5 20. g3 Ng6 21. Kg2 Nxe5
22. f3 Nd6 23. b3 c5 24. Rh4 Qg6 25. Qe2 d4 26. Ng4 Nef7 27. c4 Nf5 28. Rh3 e5
29. Qe4 N7d6 30. Qd5+ Qf7 31. Qxf7+ Nxf7 32. Nd3 Rfe8 33. Rh5 g6 34. Nf6+ Kg7
35. Nxe8+ Rxe8 36. Rh3 Ng5 37. Re1 Nxh3 38. Kxh3 Kf6 39. Bf4 Bb8 40. Nxc5 Re7
41. Bd2 g5 42. Kg2 Kg6 43. Nd3 Bd6 44. Re4 Kf6 45. Kf1 Ba3 46. c5 Ng7 47. Ke2
Ne8 48. b4 Nc7 49. Kd1 h5 50. h3 g4 51. hxg4 hxg4 52. fxg4 Re6 53. Ke2 Nb5 54.
Kf3 Nc3 55. g5+ Kg7 56. Rxe5 Rxe5 57. Nxe5 Bxb4 58. c6 bxc6 59. Nxc6 Bc5 60.
Nd8 Kg6 61. Ne6 Ba7 62. Kg4 Ne4 63. Bb4 Nf2+ 64. Kf3 Nd3 65. Nf4+ Nxf4 66. gxf4
Kf5 67. Ke2 Ke4 68. Be7 d3+ 69. Kd1 Kxf4 70. g6 Bd4 71. Bf8 Kf5 72. g7 Bxg7
1/2-1/2

[Event "Ì19 "]
[Site "Loo"]
[Date "2017.04.20"]
[Round "1.11"]
[White "Êóçíåöîâ, Ôåëèêñ."]
[Black "Ãàëü÷åíêî, Ìàòâåé."]
[Result "1/2-1/2"]
[WhiteElo "2176"]
[BlackElo "2346"]
[PlyCount "83"]
[EventDate "2017.04.20"]

1. e4 e6 2. d4 d5 3. Nd2 Nf6 4. e5 Nfd7 5. Bd3 c5 6. c3 Nc6 7. Ne2 cxd4 8. cxd4
f6 9. exf6 Nxf6 10. O-O Bd6 11. Nf3 Qc7 12. Nc3 a6 13. h3 O-O 14. Re1 Bd7 15.
Bd2 Rae8 16. Rc1 Qb8 17. a3 b5 18. Bb1 Re7 19. Bg5 Be8 20. Qd2 h6 21. Be3 Rc7
22. Bf4 Bxf4 23. Qxf4 Bh5 24. Ne5 Qb6 25. Nxc6 Rxc6 26. Qe5 Bf7 27. Ne2 Rfc8
28. Rxc6 Rxc6 29. Rc1 Rxc1+ 30. Nxc1 Nd7 31. Qf4 Qb8 32. Qd2 e5 33. dxe5 Qxe5
34. Nb3 Nb6 35. Nd4 Nc4 36. Qc3 Be8 37. Bd3 a5 38. b4 axb4 39. axb4 Qf6 40. Bf5
Qe5 41. Bd3 Qf6 42. Bf5 1/2-1/2

[Event "Ì19 "]
[Site "Loo"]
[Date "2017.04.20"]
[Round "1.12"]
[White "Ãàëàêòèîíîâ, Àðòåì."]
[Black "Àçèìîâ, Èëüÿñ."]
[Result "1/2-1/2"]
[WhiteElo "2346"]
[BlackElo "2171"]
[PlyCount "71"]
[EventDate "2017.04.20"]

1. d4 Nf6 2. Nf3 e6 3. c4 Bb4+ 4. Nbd2 O-O 5. a3 Be7 6. e3 d6 7. b3 Nbd7 8. Bb2
Re8 9. Be2 Bf8 10. O-O c6 11. Qc2 e5 12. b4 e4 13. Ne1 d5 14. c5 h5 15. Nb3 Qc7
16. h3 h4 17. Bc1 Nh7 18. f4 f5 19. b5 Ndf6 20. bxc6 bxc6 21. Qd1 g5 22. Bh5
Re7 23. fxg5 Nxg5 24. Rf4 Bh6 25. Nd2 Rg7 26. Bg4 fxg4 27. Rxf6 Nf7 28. Nf1
gxh3 29. Ra2 Bg4 30. Qa4 Re8 31. Kh1 hxg2+ 32. Rxg2 h3 33. Rg1 Bg5 34. Rf2 Nh6
35. Nh2 Bh5 36. Qa6 {äàëåå çàïèñü íåðàçáîð~~èâà} 1/2-1/2

[Event "Ì19 "]
[Site "Loo"]
[Date "2017.04.20"]
[Round "1.13"]
[White "Íàñèáóëëèí, Èñêàíäåð."]
[Black "Ñàâåíêîâ, Êîíñòàíòèí."]
[Result "0-1"]
[WhiteElo "2162"]
[BlackElo "2324"]
[PlyCount "94"]
[EventDate "2017.04.20"]

1. e4 e6 2. d4 d5 3. Nd2 Be7 4. Bd3 c5 5. dxc5 Nf6 6. Qe2 O-O 7. Ngf3 a5 8. a4
Na6 9. exd5 exd5 10. Bb5 Nxc5 11. O-O Bg4 12. Rd1 Qc7 13. Nf1 Ne6 14. c3 Bc5
15. Be3 Nf4 16. Bxf4 Qxf4 17. Qd2 Qc7 18. Ne3 Bxf3 19. gxf3 Bd6 20. Nxd5 Nxd5
21. Qxd5 Bxh2+ 22. Kg2 Rad8 23. Qe4 Be5 24. Re1 Bf6 25. Rad1 g6 26. Rd5 Rxd5
27. Qxd5 Qb8 28. Re4 Rd8 29. Qc4 Kg7 30. Qe2 Rd5 31. Qc4 Qd6 32. Kf1 h5 33. Kg2
Rg5+ 34. Kf1 Qd1+ 35. Re1 Qxf3 36. Re3 Qd1+ 37. Re1 Qf3 38. Re3 Qg2+ 39. Ke1
Rf5 40. Qf1 Qh2 41. Bd3 Rxf2 42. Qxf2 Bh4 43. Rf3 Bxf2+ 44. Rxf2 Qg3 45. Be4 b6
46. Ke2 f5 47. Bb7 Qg4+ 0-1

[Event "Ì19 "]
[Site "Loo"]
[Date "2017.04.20"]
[Round "1.14"]
[White "Òèìåðõàíîâ, Àëåêñàíäð."]
[Black "Ãîëüöåâ, Äìèòðèé."]
[Result "1/2-1/2"]
[WhiteElo "2322"]
[BlackElo "2161"]
[PlyCount "132"]
[EventDate "2017.04.20"]

1. d4 Nf6 2. c4 e6 3. g3 Bb4+ 4. Nd2 Nc6 5. Ngf3 d5 6. e3 O-O 7. Bg2 Bxd2+ 8.
Bxd2 Ne4 9. Rc1 f6 10. O-O Nxd2 11. Nxd2 Ne7 12. Qb3 Kh8 13. Rfd1 f5 14. Qc3 c6
15. b4 a6 16. Nb3 Bd7 17. a4 Nc8 18. c5 Qc7 19. Rb1 Ne7 20. Nc1 g5 21. f4 h6
22. Nd3 Ng6 23. Bf3 g4 24. Be2 h5 25. h4 Ra7 26. Rb2 Rfa8 27. Rdb1 Be8 28. Qe1
Qd8 29. Qf1 Ne7 30. Ne5 Kg7 31. Qe1 Kf8 32. Bf1 Kg7 33. Qc3 Kf8 34. Rb3 Qc7 35.
Ra3 Qd8 36. Rba1 Qb8 37. Qb2 Qd8 38. Kf2 Qb8 39. Qb3 Qd8 40. Bd3 Kg7 41. Ke2
Kf8 42. Kd2 Qb8 43. Kc3 Qd8 44. Kb2 Kg7 45. b5 axb5 46. axb5 Rxa3 47. Rxa3 Rxa3
48. Qxa3 cxb5 49. Qa7 Bc6 50. Kb3 Kf6 51. Kb4 Qe8 52. Qa5 Nc8 53. Be2 Ne7 54.
Qa7 Nc8 55. Qa8 Ne7 56. Qa5 Nc8 57. Bd3 Ne7 58. Bxb5 Bxb5 59. Qxb5 Qxb5+ 60.
Kxb5 Nc8 61. Kb4 Ke7 62. Ng6+ Kf7 63. Ne5+ Ke7 64. Ka5 Ke8 65. Kb5 Ke7 66. Kb4
Ke8 1/2-1/2

[Event "Ì19 "]
[Site "Loo"]
[Date "2017.04.20"]
[Round "1.15"]
[White "Áåçîòå÷åñòâî, Êîíñòàíòèí."]
[Black "Îâ÷èííèêîâ, Âñåâîëîä."]
[Result "1/2-1/2"]
[WhiteElo "2160"]
[BlackElo "2319"]
[PlyCount "112"]
[EventDate "2017.04.20"]

1. d4 Nf6 2. c4 g6 3. g3 Bg7 4. Bg2 d5 5. cxd5 Nxd5 6. Nf3 O-O 7. O-O Nb6 8.
Nc3 Nc6 9. e3 Re8 10. Re1 a5 11. Qe2 e5 12. dxe5 Nxe5 13. Nxe5 Bxe5 14. e4 Be6
15. f4 Bxc3 16. bxc3 Bd5 17. Qf2 Bc6 18. Ba3 Na4 19. Rac1 Qf6 20. g4 Qe6 21. g5
Rad8 22. Re3 Qg4 23. h3 Rd1+ 24. Kh2 Qd7 25. Rc2 Rd3 26. Qe2 Rd8 27. Rxd3 Qxd3
28. Be7 Qxe2 29. Rxe2 Rd3 30. Bf6 Nxc3 31. Rc2 Nd1 32. Bf1 Rd7 33. Be2 Bxe4 34.
Rc4 Bc6 35. Rd4 Ne3 36. Rxd7 Bxd7 37. Bf3 Bc6 38. Bd4 Nf5 39. Bxc6 bxc6 40. Bc3
a4 41. Kg2 Kf8 42. Ba5 Ke7 43. Bxc7 Ke6 44. Kf3 Kd5 45. Be5 Nd4+ 46. Ke3 c5 47.
Kd3 Nc6 48. Kc3 Nxe5 49. fxe5 Kxe5 50. Kc4 Kd6 51. Kb5 Kd5 52. Kxa4 c4 53. Ka3
Ke5 54. Kb2 f5 55. gxf6 Kxf6 56. Kc3 Ke5 1/2-1/2

[Event "Ì19 "]
[Site "Loo"]
[Date "2017.04.20"]
[Round "1.16"]
[White "Ðàäæàáîâ, Ðîäèîí."]
[Black "×èáóõ÷ÿí, Ýðèê."]
[Result "1-0"]
[WhiteElo "2302"]
[BlackElo "2149"]
[PlyCount "67"]
[EventDate "2017.04.20"]

1. e4 e5 2. Nf3 Nc6 3. Nc3 Nf6 4. g3 Bb4 5. Bg2 O-O 6. O-O Bxc3 7. dxc3 Nxe4 8.
Nxe5 Nxe5 9. Bxe4 Qf6 10. f4 Nc6 11. Qd3 h6 12. Be3 d6 13. b4 Bh3 14. Rfe1 a6
15. a4 Rfe8 16. Rab1 d5 17. Bxd5 Bf5 18. Qd2 Rad8 19. c4 Qg6 20. Bc5 Bxc2 21.
Rxe8+ Rxe8 22. Re1 Rd8 23. b5 Kh7 24. bxc6 bxc6 25. Qxc2 Qxc2 26. Be4+ Qxe4 27.
Rxe4 Rd1+ 28. Kg2 Ra1 29. Re7 Kg8 30. Rxc7 Rxa4 31. Rxc6 Rxc4 32. Rc8+ Kh7 33.
Rc7 Kg6 34. Bb6 1-0

[Event "Ì19 "]
[Site "Loo"]
[Date "2017.04.20"]
[Round "1.17"]
[White "Ñïèðèäîíîâ, Åâãåíèé."]
[Black "Ñìèðíîâ, Òèìîôåé."]
[Result "0-1"]
[WhiteElo "2130"]
[BlackElo "2296"]
[PlyCount "138"]
[EventDate "2017.04.20"]

1. d4 d5 2. c4 c6 3. Nc3 Nf6 4. Nf3 dxc4 5. a4 Bf5 6. e3 e6 7. Bxc4 Bb4 8. O-O
O-O 9. Qe2 Nbd7 10. e4 Bg4 11. Rd1 Qc7 12. Bd2 e5 13. d5 Nb6 14. dxc6 Bxf3 15.
gxf3 bxc6 16. Bb3 a5 17. Rac1 Qe7 18. Be3 Nbd7 19. Na2 Bc5 20. Rc2 Rfb8 21. Nc1
Rb4 22. Ba2 Rxa4 23. b3 Rb4 24. Nd3 Rb5 25. Rdc1 Ba3 26. Rd1 Nc5 27. Nxc5 Bxc5
28. Qc4 Bxe3 29. fxe3 Qa7 30. Rd3 Rb6 31. Rd6 Ne8 32. Rd3 Qc7 33. Rcd2 Rb7 34.
Qc3 Rc8 35. Qc5 h6 36. Rg2 Rb5 37. Qc3 Qe7 38. Rd1 Rc5 39. Qd2 Rb8 40. h3 Nf6
41. Kh2 Kf8 42. Rdg1 g6 43. Rc1 Rxc1 44. Qxc1 c5 45. Rc2 Rc8 46. Qd2 Qc7 47.
Qc3 Nd7 48. Rd2 Nf6 49. Qc4 Kg7 50. Rc2 h5 51. Qc3 Rd8 52. Rg2 Rd1 53. Rd2
Rxd2+ 54. Qxd2 Qb6 55. Kg2 Qb4 56. Qxb4 cxb4 57. Bb1 Nd7 58. Kf2 Nc5 59. Bc2
Kf6 60. f4 Ke6 61. Ke2 Kd6 62. Kd2 f6 63. Kc1 g5 64. fxg5 fxg5 65. Bd1 h4 66.
Be2 Nxe4 67. Bg4 Nf2 68. Bc8 g4 69. hxg4 h3 0-1

[Event "Ì19 "]
[Site "Loo"]
[Date "2017.04.20"]
[Round "1.18"]
[White "Ãóí÷åíêî, Âàäèì."]
[Black "Èíäæèåâ, Àëäàð."]
[Result "0-1"]
[WhiteElo "2292"]
[BlackElo "2050"]
[PlyCount "92"]
[EventDate "2017.04.20"]

1. d4 d5 2. c4 e6 3. Nf3 c5 4. cxd5 exd5 5. Nc3 Nc6 6. dxc5 d4 7. Ne4 Nf6 8.
Nxf6+ Qxf6 9. g3 Bxc5 10. Bg2 Bf5 11. O-O Be4 12. Bg5 Qf5 13. Nh4 Qd5 14. Bxe4
Qxe4 15. Rc1 Bb6 16. Qd3 Qxd3 17. exd3 O-O 18. Rfd1 Rfe8 19. Nf3 Rac8 20. Bd2
f6 21. Rc4 Kf7 22. Rdc1 Rcd8 23. b4 a6 24. h4 Rd5 25. R1c2 h6 26. a4 g5 27. Bc1
g4 28. Nh2 Re1+ 29. Kg2 h5 30. f4 a5 31. bxa5 Bxa5 32. Nf1 Bc3 33. Kf2 Nb4 34.
R2xc3 dxc3 35. Kxe1 Nxd3+ 36. Ke2 Nxc1+ 37. Kf2 Nd3+ 38. Ke3 Rc5 39. Rxc5 Nxc5
40. a5 Ke6 41. Ke2 Nb3 42. Kd3 Nxa5 43. Kxc3 Nc6 44. Kc4 Ne7 45. Nd2 Nf5 46.
Kc5 Nxg3 0-1

[Event "Ì19 "]
[Site "Loo"]
[Date "2017.04.20"]
[Round "1.19"]
[White "Ðîçìàíîâ, Àëåêñàíäð."]
[Black "Àêìàëîâ, Äàíèèë."]
[Result "0-1"]
[WhiteElo "2018"]
[BlackElo "2286"]
[PlyCount "80"]
[EventDate "2017.04.20"]

1. e4 g6 2. d4 Bg7 3. c4 d6 4. Nc3 e5 5. Nf3 exd4 6. Nxd4 Nc6 7. Be3 Nge7 8.
Qd2 f5 9. exf5 Nxf5 10. Nxc6 bxc6 11. Bg5 Qd7 12. Be2 O-O 13. O-O Qf7 14. Rac1
Be6 15. b3 Rae8 16. Bd3 Nd4 17. Bh6 Bxh6 18. Qxh6 Bf5 19. Bxf5 Qxf5 20. Qd2 Qg4
21. Kh1 Qh4 22. f3 Nf5 23. Rfe1 Qd4 24. Qxd4 Nxd4 25. Kg1 Kf7 26. Kf2 a5 27.
Re4 Rxe4 28. Nxe4 a4 29. Ng5+ Kg8 30. b4 h6 31. Ne4 a3 32. Rc3 Ra8 33. Ke3 Ne6
34. g3 Kf7 35. Nd2 Ra4 36. Rb3 c5 37. b5 Nd4 38. Rc3 Ke6 39. Ne4 Rb4 40. Kf4
Ne2+ 0-1

[Event "Ì19 "]
[Site "Loo"]
[Date "2017.04.20"]
[Round "1.20"]
[White "×åðåäíè÷åíêî, Äìèòðèé."]
[Black "Õàëòóðèí, Íèêîëàé."]
[Result "1-0"]
[WhiteElo "2282"]
[BlackElo "1965"]
[PlyCount "75"]
[EventDate "2017.04.20"]

1. d4 d5 2. c4 c6 3. Nc3 Nf6 4. Nf3 a6 5. c5 Bf5 6. Qb3 Ra7 7. Bf4 Nbd7 8. h3
e6 9. g4 Be4 10. Nxe4 Nxe4 11. Bg2 Be7 12. h4 h5 13. g5 f6 14. Bh3 fxg5 15.
hxg5 Qa5+ 16. Kf1 Rf8 17. Be3 b6 18. cxb6 Rb7 19. Bxe6 Rxb6 20. Qc2 Qb5 21. Kg2
Qxb2 22. Qxb2 Rxb2 23. Rab1 Rb5 24. a4 Rb4 25. Rbc1 Nb8 26. Rxh5 Bd6 27. Rh7
Rb7 28. Nh4 Bf4 29. Bxf4 Rxf4 30. Nf3 Rf8 31. g6 Rf6 32. Bf7+ Kf8 33. Rh8+ Ke7
34. Rg8 Rxf7 35. gxf7 Kxf7 36. Rh8 Rb2 37. Ne5+ Ke7 38. Rxb8 1-0

[Event "Ì19 "]
[Site "Loo"]
[Date "2017.04.20"]
[Round "1.21"]
[White "Êàïïóøåâ, Àõìàò."]
[Black "Áûêîâ, Åãîð."]
[Result "0-1"]
[WhiteElo "1893"]
[BlackElo "2263"]
[PlyCount "64"]
[EventDate "2017.04.20"]

1. Nf3 Nf6 2. b3 d5 3. c4 c6 4. g3 Bg4 5. Bg2 e6 6. Bb2 Nbd7 7. O-O Be7 8. d3
O-O 9. Nbd2 a5 10. a3 Qb8 11. h3 Bh5 12. Qc2 Rc8 13. Bc3 e5 14. e3 Bd6 15. b4
b5 16. cxb5 cxb5 17. Qb2 Bg6 18. Ne1 Nb6 19. Qb3 Na4 20. Bb2 Nxb2 21. Qxb2 axb4
22. axb4 Rxa1 23. Qxa1 Bxb4 24. Ndf3 Bc3 25. Qb1 b4 26. Nh4 b3 27. Nxg6 hxg6
28. Nf3 Qb4 29. d4 e4 30. Ne5 Ra8 31. Nc6 Qb7 32. Rc1 b2 0-1

[Event "Ì19 "]
[Site "Loo"]
[Date "2017.04.20"]
[Round "1.22"]
[White "Õàð÷åíêî, Àëåêñåé."]
[Black "Àëåêñååâ, Ìèõàèë."]
[Result "1-0"]
[WhiteElo "2263"]
[BlackElo "1858"]
[PlyCount "103"]
[EventDate "2017.04.20"]

1. d4 Nf6 2. Nf3 g6 3. g3 Bg7 4. Bg2 d5 5. O-O O-O 6. c4 dxc4 7. Na3 c3 8. bxc3
c5 9. Ne5 Nc6 10. Nac4 Nxe5 11. Nxe5 Nd7 12. Nxd7 Bxd7 13. Rb1 cxd4 14. cxd4
Bc8 15. d5 Qa5 16. Qb3 Rb8 17. Qb4 Qxb4 18. Rxb4 Be5 19. Be3 b6 20. Ra4 a6 21.
Rc1 Bd6 22. Bf4 Bxf4 23. gxf4 a5 24. Rc7 Re8 25. e4 Rb7 26. Rac4 Rxc7 27. Rxc7
Ba6 28. Bh3 Kf8 29. f3 Rd8 30. Bd7 b5 31. Ra7 b4 32. Bc6 Bc4 33. Rxa5 e6 34.
Kf2 exd5 35. Bxd5 Bxd5 36. Rxd5 Ra8 37. Rd2 Ra3 38. Rb2 Ke7 39. Kg3 Kf6 40. h4
Ra5 41. Rxb4 Rxa2 42. Rb5 Ra1 43. f5 gxf5 44. Rxf5+ Kg7 45. Rg5+ Kf8 46. Kg4 f6
47. Rb5 Rh1 48. Rb7 Kg8 49. h5 h6 50. f4 Ra1 51. Kf5 Ra6 52. Kg6 1-0

[Event "Ì13Â"]
[Site "Loo"]
[Date "2017.04.21"]
[Round "2.1"]
[White "Ìàêîâååâ, Èëüÿ."]
[Black "×óãóíîâ, Âàäèì."]
[Result "1-0"]
[WhiteElo "2246"]
[BlackElo "1816"]
[PlyCount "93"]
[EventDate "2017.04.20"]

1. d4 Nf6 2. Nf3 g6 3. Bf4 Bg7 4. e3 d6 5. Be2 O-O 6. O-O Nh5 7. Bg5 h6 8. Bh4
g5 9. Bg3 Nxg3 10. hxg3 Nc6 11. Nbd2 e5 12. c3 Kh8 13. d5 Ne7 14. e4 f5 15. Nh2
Bd7 16. c4 Be8 17. exf5 Nxf5 18. Bd3 Bd7 19. Ne4 Qe7 20. Qd2 Nd4 21. f3 Bf5 22.
Rae1 Bh7 23. Rf2 Rf7 24. Nf1 Raf8 25. g4 Qd7 26. Nfg3 Qe7 27. Nc3 Bxd3 28. Qxd3
Qd7 29. Nce2 Nxe2+ 30. Rfxe2 Rf4 31. Nf5 a6 32. g3 R4xf5 33. gxf5 Qxf5 34. Qxf5
Rxf5 35. Kg2 Kh7 36. b4 Rf8 37. c5 dxc5 38. bxc5 Rd8 39. Rd2 Bf8 40. d6 cxd6
41. Rxe5 dxe5 42. Rxd8 Bxc5 43. Rd7+ Kg6 44. Rxb7 Kf5 45. Rc7 Bb4 46. g4+ Kf4
47. Rc4+ 1-0

[Event "Ì13Â"]
[Site "Loo"]
[Date "2017.04.21"]
[Round "2.2"]
[White "Öâåòêîâ, Àíäðåé."]
[Black "Ìèøóðèñ, Ìàòâåé."]
[Result "1-0"]
[WhiteElo "2066"]
[BlackElo "1810"]
[PlyCount "139"]
[EventDate "2017.04.20"]

1. d4 c5 2. d5 e5 3. c4 d6 4. e4 Be7 5. Nc3 a6 6. Nf3 Bg4 7. Be2 Nd7 8. O-O
Bxf3 9. Bxf3 Bg5 10. g3 Bxc1 11. Qxc1 Ne7 12. Bg2 O-O 13. Qd2 Rb8 14. Rfb1 Qc7
15. a3 Rfc8 16. Bf1 h6 17. Kh1 Rf8 18. Qd3 Ng6 19. Bh3 Nf6 20. Rf1 Rbe8 21.
Rae1 Qb6 22. Qc2 Qa5 23. Qd3 Qb6 24. Qc2 Qc7 25. f4 exf4 26. gxf4 Kh8 27. Qg2
Nh5 28. Qg4 Nf6 29. Qf3 Qe7 30. b4 Qc7 31. b5 Qa5 32. Re3 Qxa3 33. Rfe1 Nh7 34.
bxa6 Qxa6 35. Nb5 Re7 36. e5 dxe5 37. d6 Ree8 38. Nc7 Qxd6 39. Nxe8 Rxe8 40.
fxe5 Rxe5 41. Rxe5 Nxe5 42. Qxb7 Ng5 43. Bg2 Nxc4 44. h4 Qd2 45. Qb8+ Kh7 46.
Qb1+ g6 47. hxg5 Qxg5 48. Qe4 Nd6 49. Qe7 Qd2 50. Qe3 Qb4 51. Rd1 Nf5 52. Qf2
Qg4 53. Re1 c4 54. Kg1 c3 55. Rc1 Qc4 56. Kh2 Qc7+ 57. Kh1 Qe5 58. Re1 Qc7 59.
Kg1 Qc4 60. Be4 Nd6 61. Bc2 Qg4+ 62. Kf1 Qc4+ 63. Re2 Qa6 64. Qf6 Qa1+ 65. Kg2
Qa8+ 66. Kh2 Qd5 67. Bxg6+ Kg8 68. Bf5 Qxf5 69. Re8+ Nxe8 70. Qxf5 1-0

[Event "Ì13Â"]
[Site "Loo"]
[Date "2017.04.21"]
[Round "2.3"]
[White "Êóçüìèí, Ðîìàí."]
[Black "Êàòàåâ, Àëåêñàíäð."]
[Result "1-0"]
[WhiteElo "1806"]
[BlackElo "1995"]
[PlyCount "109"]
[EventDate "2017.04.20"]

1. e4 c5 2. Nf3 Nc6 3. d4 cxd4 4. Nxd4 e5 5. Nb5 d6 6. N1c3 a6 7. Na3 Be7 8.
Nc4 Be6 9. Nd5 Bxd5 10. exd5 Nb8 11. Ne3 g6 12. c4 Nd7 13. Bd3 Bg5 14. Bc2 Rc8
15. b3 h5 16. O-O Nh6 17. g3 h4 18. f4 exf4 19. gxf4 Bf6 20. Rb1 Qb6 21. Kh1
Bd4 22. Ng4 f5 23. Nxh6 Rxh6 24. Qe2+ Kd8 25. Qe6 Kc7 26. Bxf5 Rh7 27. Bh3 Rf8
28. Bd2 Nc5 29. Qe2 Kb8 30. b4 Na4 31. Rf3 Rc7 32. Rfb3 Nb2 33. R3xb2 Bxb2 34.
Rxb2 Qd4 35. Rc2 b5 36. Be3 Qe4+ 37. Bg2 Qf5 38. c5 Re8 39. Rd2 Qb1+ 40. Rd1
Rxe3 41. Qd2 Qxd1+ 42. Qxd1 Rce7 43. Bf1 Re1 44. Qf3 Kc7 45. c6 R7e3 46. Qf2 h3
47. f5 gxf5 48. Qxf5 Kb6 49. Qf7 Re7 50. Qf2+ R7e3 51. Qf5 a5 52. bxa5+ Kxa5
53. c7 Rc3 54. Qf2 Rcc1 55. Kg1 1-0

[Event "Ì13Â"]
[Site "Loo"]
[Date "2017.04.21"]
[Round "2.4"]
[White "Ñòóêàí, Ìàðòèí."]
[Black "Òèòîâ, Àëåêñàíäð."]
[Result "1-0"]
[WhiteElo "1971"]
[BlackElo "1704"]
[PlyCount "75"]
[EventDate "2017.04.20"]

1. Nf3 d5 2. g3 Nf6 3. Bg2 c5 4. O-O Nc6 5. c4 d4 6. e3 e5 7. exd4 cxd4 8. d3
Bd6 9. Re1 O-O 10. Na3 Bf5 11. Nc2 h6 12. b4 Nd7 13. b5 Ne7 14. Nh4 Bh7 15.
Bxb7 Rb8 16. Bg2 Nc5 17. Bf1 g5 18. Nf3 Ng6 19. Nb4 Qd7 20. Nc6 Rbe8 21. Ba3 f6
22. Bxc5 Bxc5 23. Nd2 f5 24. Nb3 Qd6 25. Nxc5 Qxc5 26. Qa4 Rf7 27. Qb4 Qxb4 28.
Nxb4 f4 29. Nc6 Kf8 30. a4 f3 31. a5 g4 32. a6 Rc7 33. Reb1 Kf7 34. Nxa7 Rxa7
35. b6 Ne7 36. bxa7 Ra8 37. Rb8 Rxa7 38. Rb7 1-0

[Event "Ì13Â"]
[Site "Loo"]
[Date "2017.04.21"]
[Round "2.5"]
[White "Ëüâîâ, Íèêèòà."]
[Black "Áîáûëåâ, Íèêèòà."]
[Result "1/2-1/2"]
[WhiteElo "1879"]
[BlackElo "1640"]
[PlyCount "63"]
[EventDate "2017.04.20"]

1. d4 Nf6 2. Nf3 e6 3. c4 b6 4. g3 Bb7 5. Bg2 g6 6. O-O Bg7 7. Nc3 Ne4 8. Qc2
Nxc3 9. Qxc3 O-O 10. b3 d6 11. Bb2 Nd7 12. Rad1 f5 13. b4 Qe7 14. Ne1 Bxg2 15.
Nxg2 Nf6 16. f3 g5 17. Qd3 Rad8 18. e4 fxe4 19. fxe4 Nd7 20. Bc3 c5 21. bxc5
bxc5 22. d5 Bxc3 23. Qxc3 exd5 24. exd5 Rxf1+ 25. Rxf1 Rf8 26. Rxf8+ Qxf8 27.
Qe3 Qf6 28. Qe8+ Nf8 29. Qe2 Ng6 30. Qe8+ Nf8 31. Qe2 Ng6 32. Qe8+ 1/2-1/2

[Event "Ì13Â"]
[Site "Loo"]
[Date "2017.04.21"]
[Round "2.6"]
[White "Ïóòðåíêî, Êèðèëë."]
[Black "Ñìèðíîâ, Ñàâåëèé."]
[Result "1-0"]
[WhiteElo "1872"]
[BlackElo "1532"]
[PlyCount "59"]
[EventDate "2017.04.20"]

1. d4 d5 2. c4 e6 3. Nc3 Nf6 4. cxd5 exd5 5. Bg5 Nbd7 6. e3 c6 7. Bd3 Bd6 8.
Nf3 O-O 9. O-O Re8 10. Qc2 h6 11. Bh4 Nf8 12. Rab1 Bg4 13. b4 Qe7 14. b5 Qe6
15. bxc6 bxc6 16. Na4 Ne4 17. Nd2 Nh7 18. f3 Nxd2 19. Bxh7+ Kh8 20. Qxd2 Kxh7
21. fxg4 Qxg4 22. Bg3 Bxg3 23. hxg3 Qxg3 24. Rf3 Qg6 25. Rbf1 Re4 26. Nc5 Rg4
27. Rxf7 Re8 28. Nd7 Qd6 29. Nf6+ Kh8 30. Nxg4 1-0

[Event "Ì13Â"]
[Site "Loo"]
[Date "2017.04.21"]
[Round "2.7"]
[White "Ïîñòàíîãîâ, Äìèòðèé."]
[Black "Æóêîâ, Ìàêñèì."]
[Result "1-0"]
[WhiteElo "1801"]
[BlackElo "1850"]
[PlyCount "103"]
[EventDate "2017.04.20"]

1. e4 c6 2. d4 d5 3. Nc3 dxe4 4. Nxe4 Nf6 5. Nxf6+ gxf6 6. c3 Bf5 7. Nf3 e6 8.
Nh4 Bg6 9. f4 f5 10. Nf3 Bh5 11. Be2 Bxf3 12. Bxf3 Bd6 13. g3 Nd7 14. Qb3 Qc7
15. Be3 O-O-O 16. O-O-O Nf6 17. c4 Kb8 18. Kb1 Rhe8 19. Rhe1 h5 20. h4 Ne4 21.
Bxe4 fxe4 22. Bf2 f5 23. Qa4 c5 24. Rd2 Qb6 25. Red1 Qb4 26. Qc2 Bf8 27. a3 Qa5
28. dxc5 Rxd2 29. Rxd2 Rd8 30. Rxd8+ Qxd8 31. Kc1 Qc7 32. b4 e5 33. Qd2 b6 34.
Qd5 bxc5 35. bxc5 Bh6 36. c6 exf4 37. Qg8+ Qc8 38. Bxa7+ Kc7 39. Qh7+ Kxc6 40.
Qxh6+ Kb7 41. Qb6+ Ka8 42. Qd4 fxg3 43. Bc5 Qg8 44. Qc3 g2 45. Qa5+ Kb7 46.
Qb6+ Kc8 47. Qa6+ Kd7 48. Qb7+ Ke8 49. Qc8+ Kf7 50. Qxf5+ Ke8 51. Qxe4+ Kd7 52.
Qb7+ 1-0